000 00592nam a2200241Ia 4500
005 20250425162752.0
008 250425s9999 xx 000 0 und d
020 _a9789978926093
041 _aspa
043 _aec
082 _a863.69866
100 _aROJAS, ANGEL FELICISIMO
245 0 _aEL EXODO DE YANGANA (TOMO I)
250 _a1A ED.
260 _aEcuador
_bMINISTERIO DE CULTURA
_c2008
260 _aQUITO
300 _a220
500 _aCOLECCION BICENTENARIO
650 _aLITERATURA ECUATORIANA
650 _aNOVELA ECUATORIANA
942 _c01
010 _a107368
999 _c236045
_d236045